[Event "1. liga V 18/19, SM-Litovel"]
[Site ""]
[Date "2019.04.07"]
[Round "11.5"]
[White "Bazant, Petr"]
[Black "Gerych, Jan"]
[Result "1-0"]
[WhiteElo "2299"]
[BlackElo "2015"]
[PlyCount "0"]
[WhiteTeam "SK Stare Mesto"]
[BlackTeam "TJ Tatran Litovel"]
[EventDate "2018.10.21"]

1. e4 c5 2. Nf3 e6 3. c3 d5 4. exd5 Qxd5 5. d4 Nf6 6. Na3 cxd4 7. Nb5 Qd8 8.
Nbxd4 Be7 9. Bc4 Nc6 10. Qe2 Nxd4 11. Nxd4 O-O 12. O-O Qc7 13. Nb5 Qb8 14. g3
Bd7 15. Bf4 Qc8 16. Nc7 Rb8 17. Rad1 a6 18. Rxd7 Qxd7 19. Nxe6 Rbd8 20. Nxf8
Kxf8 21. Re1 Bc5 22. Be3 Bxe3 23. Qxe3 Qc7 24. Bf1 h6 25. c4 Ng4 26. Qe4 Nf6
27. Qf3 Rd2 28. Rd1 Rxd1 29. Qxd1 a5 30. Qd4 b6 31. a3 Nd7 32. Be2 Ne5 33. f4
Nc6 34. Qe4 Qd6 35. Bf3 Nd4 36. Qa8+ Ke7 37. Qb7+ Kf8 38. Bd5 Ne6 39. Kg2 Nc7
40. Kf3 b5 41. Ke4 bxc4 42. Bxc4 f5+ 43. Ke3 Ke7 44. Qa7 a4 45. Qd4 1-0

[Event "1. liga V 18/19, SM-Litovel"]
[Site ""]
[Date "2019.04.07"]
[Round "11.6"]
[White "Pavlik, Petr"]
[Black "Zpevakova, Jana"]
[Result "0-1"]
[WhiteElo "1954"]
[BlackElo "2093"]
[PlyCount "0"]
[WhiteTeam "TJ Tatran Litovel"]
[BlackTeam "SK Stare Mesto"]
[EventDate "2018.10.21"]

1. Nf3 d5 2. d4 Nf6 3. c4 e6 4. g3 dxc4 5. Qa4+ Bd7 6. Qxc4 Nc6 7. Bg2 b5 8.
Qxb5 Nxd4 9. Qc4 Bc6 10. O-O Nxf3+ 11. Bxf3 Bxf3 12. exf3 Qd5 13. Qe2 Rd8 14.
Nc3 Qd3 15. Be3 Qxe2 16. Nxe2 a5 17. Rfd1 Nd5 18. Rac1 Bd6 19. Nd4 Kd7 20. Nc6
Ra8 21. f4 Ra6 22. Nd4 Rb8 23. Rd2 g6 24. Nf3 f6 25. a3 Rc6 26. Rdc2 Rxc2 27.
Rxc2 Rb3 28. Nd2 Nxe3 29. fxe3 Rxe3 30. Nc4 Rd3 31. Nxa5 e5 32. fxe5 fxe5 33.
Kf1 Ke6 34. Ke2 e4 35. Nb7 Kd5 36. Nxd6 cxd6 37. Rd2 Rxd2+ 38. Kxd2 Kc4 39. a4
Kb4 40. b3 d5 41. Ke3 Kc3 42. a5 d4+ 43. Kf4 e3 44. a6 e2 45. a7 e1=Q 46. a8=Q
Qe3+ 47. Kg4 d3 48. Qa1+ Kc2 49. Qa2+ Kd1 50. Qa1+ Ke2 51. Qa6 Kf2 52. Qf6+ Kg2
53. Qc6+ Kg1 54. Kh3 Qf2 0-1

[Event "1. liga V 18/19, SM-Litovel"]
[Site ""]
[Date "2019.04.07"]
[Round "11.7"]
[White "Bazant, Petr"]
[Black "Mika, Tomas"]
[Result "1-0"]
[WhiteElo "2253"]
[BlackElo "1889"]
[PlyCount "0"]
[WhiteTeam "SK Stare Mesto"]
[BlackTeam "TJ Tatran Litovel"]
[EventDate "2018.10.21"]

1. d4 d5 2. c4 e6 3. Nf3 Nf6 4. Nc3 Bb4 5. e3 O-O 6. Be2 b6 7. O-O Bxc3 8. bxc3
Ne4 9. Bb2 Bb7 10. cxd5 exd5 11. c4 dxc4 12. Bxc4 Nd7 13. Qe2 c5 14. Rfd1 Qc7
15. Rac1 Rad8 16. h4 Ndf6 17. Ne5 Bd5 18. Bxd5 Nxd5 19. dxc5 Nxc5 20. Nd3 Qe7
21. Nxc5 bxc5 22. Qg4 Nf6 23. Qg5 Rxd1+ 24. Rxd1 Rc8 25. Bxf6 Qxf6 26. Qxf6
gxf6 27. Kf1 Kf8 28. Rd7 c4 29. Ke2 Rb8 30. Rxa7 Rb2+ 31. Kf3 c3 32. Rc7 c2 33.
a4 Ra2 34. a5 Rxa5 35. Rxc2 Ra4 36. Kg3 Kg7 37. Rc5 Kg6 38. h5+ Kg7 39. f4 Re4
40. Kf3 Re6 41. e4 Ra6 42. Kg4 Re6 43. Kf5 Kh6 44. Rc7 Kg7 45. h6+ Kf8 46. Rc8+
Ke7 47. Rh8 1-0

[Event "1. liga V 18/19, SM-Litovel"]
[Site ""]
[Date "2019.04.07"]
[Round "11.8"]
[White "Haderka, Karel"]
[Black "Babula, Vlastimil"]
[Result "0-1"]
[WhiteElo "1826"]
[BlackElo "2040"]
[PlyCount "0"]
[WhiteTeam "TJ Tatran Litovel"]
[BlackTeam "SK Stare Mesto"]
[EventDate "2018.10.21"]

1. c4 Nf6 2. Nc3 g6 3. g3 Bg7 4. Bg2 c5 5. e3 Nc6 6. Nge2 O-O 7. d4 cxd4 8.
exd4 d6 9. O-O Bf5 10. a3 Rc8 11. Be3 Na5 12. b3 e6 13. h3 h5 14. Rc1 Qb6 15.
Nb5 d5 16. Nec3 a6 17. c5 Qc6 18. Na7 Qd7 19. Nxc8 Rxc8 20. Na4 Qb5 21. Nb6 Rd8
22. b4 Nc4 23. Nxc4 dxc4 24. Re1 Bd3 25. Bf1 Ne4 26. Qf3 f5 27. g4 hxg4 28.
hxg4 Bxd4 29. gxf5 exf5 30. Bxd4 Rxd4 31. Qe3 Qd7 32. Bg2 Kf7 33. Qh6 Kf6 34.
Qh8+ Kg5 35. Re3 Qd8 36. f4+ Kxf4 37. Rf3+ Kg5 38. Qh7 Rd7 39. Qh2 Kf6 40. Rh3
Re7 41. Bxe4 Bxe4 42. Qb2+ Ke6 43. Qc3 Bd3 44. Re1+ Kd7 45. Rh8 Rxe1+ 0-1

[Event "1. liga V 18/19, Hostalkova-Kromeriz"]
[Site ""]
[Date "2019.04.07"]
[Round "11.1"]
[White "Ponizil, Cyril"]
[Black "Malinovsky, Karel"]
[Result "1/2-1/2"]
[WhiteElo "2502"]
[BlackElo "2473"]
[PlyCount "0"]
[WhiteTeam "Sachy Hostalkova"]
[BlackTeam "Slavia Kromeriz"]
[EventDate "2018.10.21"]

1. e4 e5 2. Nf3 Nc6 3. Bb5 a6 4. Bxc6 dxc6 5. d3 Bd6 6. Nbd2 Nf6 7. Nc4 Nd7 8.
O-O Qe7 9. Re1 c5 10. a4 b6 11. Nxd6+ cxd6 12. c3 O-O 13. d4 cxd4 14. cxd4 Bb7
15. Bg5 f6 16. Bd2 Rfd8 17. Bc3 Qe6 18. h3 Nf8 19. Nh4 g6 20. Nf3 Qf7 21. Qe2
Ne6 22. a5 b5 23. Rad1 Rac8 24. h4 h5 25. g3 1/2-1/2

[Event "1. liga V 18/19, Hostalkova-Kromeriz"]
[Site ""]
[Date "2019.04.07"]
[Round "11.2"]
[White "Cvek, Robert"]
[Black "Roubalik, Jakub"]
[Result "1/2-1/2"]
[WhiteElo "2517"]
[BlackElo "2405"]
[PlyCount "0"]
[WhiteTeam "Slavia Kromeriz"]
[BlackTeam "Sachy Hostalkova"]
[EventDate "2018.10.21"]

1. Nf3 Nf6 2. e3 d5 3. d4 c6 4. Bd3 Bg4 5. b3 e6 6. Bb2 Bb4+ 7. c3 Bd6 8. Nbd2
Nbd7 9. Qc2 Qe7 10. c4 e5 11. dxe5 Nxe5 12. Nxe5 Bxe5 13. h3 Bxb2 14. Qxb2 Be6
15. O-O dxc4 16. Nxc4 Rd8 17. Rfd1 O-O 18. Be2 Qc5 19. Qe5 Qxe5 20. Nxe5 Rfe8
21. Bc4 Bd5 22. Nf3 Kf8 23. Kf1 g6 24. Bxd5 Rxd5 25. Rxd5 Nxd5 26. Rc1 Rd8 27.
Ke2 Ke7 28. Ne5 Nf6 29. Nd3 Kd6 30. b4 Re8 31. a3 Nd7 32. Rc4 Re7 33. g4 h6 34.
Rd4+ Kc7 35. Rc4 Kd6 36. Rd4+ Kc7 37. Rc4 1/2-1/2

[Event "1. liga V 18/19, Hostalkova-Kromeriz"]
[Site ""]
[Date "2019.04.07"]
[Round "11.3"]
[White "Karlik, Ondrej"]
[Black "Lanc, Alois"]
[Result "1/2-1/2"]
[WhiteElo "2179"]
[BlackElo "2278"]
[PlyCount "0"]
[WhiteTeam "Sachy Hostalkova"]
[BlackTeam "Slavia Kromeriz"]
[EventDate "2018.10.21"]

1. d4 Nf6 2. Nf3 g6 3. c3 Bg7 4. Qc2 d6 5. e4 O-O 6. Bg5 Nc6 7. Nbd2 h6 8. Bh4
e5 9. d5 Nb8 10. Bd3 a5 11. h3 g5 12. Nxg5 1/2-1/2

[Event "1. liga V 18/19, Hostalkova-Kromeriz"]
[Site ""]
[Date "2019.04.07"]
[Round "11.4"]
[White "Pastircak, Milan"]
[Black "Krejca, Jakub"]
[Result "1/2-1/2"]
[WhiteElo "2283"]
[BlackElo "2144"]
[PlyCount "0"]
[WhiteTeam "Slavia Kromeriz"]
[BlackTeam "Sachy Hostalkova"]
[EventDate "2018.10.21"]

1. d4 d5 2. Nf3 Nf6 3. Bf4 e6 4. e3 Be7 5. c4 O-O 6. Nc3 Nbd7 7. Qc2 c6 8. cxd5
exd5 9. Bd3 Re8 10. h3 Nf8 11. O-O g6 12. Rab1 Ne6 13. Bh2 Ng7 14. b4 a6 15. a4
Bf5 16. Rfc1 Bxd3 17. Qxd3 Nf5 18. b5 axb5 19. axb5 Ra3 20. bxc6 bxc6 1/2-1/2

[Event "1. liga V 18/19, Hostalkova-Kromeriz"]
[Site ""]
[Date "2019.04.07"]
[Round "11.5"]
[White "Vraj, Ondrej"]
[Black "Mudrak, Josef"]
[Result "1/2-1/2"]
[WhiteElo "1985"]
[BlackElo "2246"]
[PlyCount "0"]
[WhiteTeam "Sachy Hostalkova"]
[BlackTeam "Slavia Kromeriz"]
[EventDate "2018.10.21"]

1. e4 c5 2. Nc3 Nc6 3. g3 d6 4. Bg2 g6 5. Nf3 Bg7 6. O-O e6 7. Re1 Nge7 8. d3
O-O 9. Ne2 d5 10. exd5 Nxd5 11. d4 cxd4 12. Nexd4 Nxd4 13. Nxd4 Qb6 14. Nb3 Rd8
1/2-1/2

[Event "1. liga V 18/19, Hostalkova-Kromeriz"]
[Site ""]
[Date "2019.04.07"]
[Round "11.6"]
[White "Kapusta, Petr"]
[Black "Vraj, Karel"]
[Result "1-0"]
[WhiteElo "2171"]
[BlackElo "1961"]
[PlyCount "0"]
[WhiteTeam "Slavia Kromeriz"]
[BlackTeam "Sachy Hostalkova"]
[EventDate "2018.10.21"]

1. e4 c5 2. Nf3 d6 3. d4 cxd4 4. Nxd4 Nf6 5. Nc3 g6 6. Be3 Bg7 7. f3 O-O 8. Qd2
Nc6 9. O-O-O Bd7 10. h4 Rc8 11. g4 Ne5 12. h5 a6 13. hxg6 fxg6 14. Bh6 Bxh6 15.
Qxh6 Qe8 16. Nd5 Qf7 17. Nxf6+ exf6 18. Be2 Rc7 19. Qh4 Rfc8 20. f4 Nc4 21.
Bxc4 Rxc4 22. b3 R4c7 23. f5 g5 24. Qg3 Qe7 25. Rhe1 a5 26. Rd2 d5 27. exd5
Qa3+ 28. Kb1 a4 29. c4 axb3 30. Qxb3 Qxb3+ 31. axb3 Kf7 32. Rde2 b5 33. Re7+
Kg8 34. d6 1-0

[Event "1. liga V 18/19, Hostalkova-Kromeriz"]
[Site ""]
[Date "2019.04.07"]
[Round "11.7"]
[White "Veselsky, Frantisek"]
[Black "Karlik, Vladimir"]
[Result "1/2-1/2"]
[WhiteElo "1968"]
[BlackElo "2163"]
[PlyCount "0"]
[WhiteTeam "Sachy Hostalkova"]
[BlackTeam "Slavia Kromeriz"]
[EventDate "2018.10.21"]

1. e4 c5 2. Nf3 Nc6 3. d4 cxd4 4. Nxd4 g6 5. c4 Bg7 6. Be3 Nf6 7. Nc3 d6 8. f3
O-O 9. Qd2 Bd7 10. Be2 Nxd4 11. Bxd4 Bc6 12. O-O Nd7 13. Bxg7 Kxg7 14. Rad1 a5
15. b3 Qb6+ 16. Qd4+ Qxd4+ 17. Rxd4 Nc5 18. Nd5 1/2-1/2

[Event "1. liga V 18/19, Hostalkova-Kromeriz"]
[Site ""]
[Date "2019.04.07"]
[Round "11.8"]
[White "Cagasik, Tomas"]
[Black "Plsek, Pavel"]
[Result "1/2-1/2"]
[WhiteElo "2172"]
[BlackElo "1932"]
[PlyCount "0"]
[WhiteTeam "Slavia Kromeriz"]
[BlackTeam "Sachy Hostalkova"]
[EventDate "2018.10.21"]

1. d4 g6 2. c4 Bg7 3. Nf3 Nc6 4. Nc3 e6 5. e4 Nge7 6. Bg5 f6 7. Bh4 O-O 8. d5
Nb8 9. d6 cxd6 10. Qxd6 g5 11. Bg3 Ng6 12. h4 g4 13. h5 gxf3 14. hxg6 hxg6 15.
gxf3 Na6 16. O-O-O Qb6 1/2-1/2

[Event "1. liga V 18/19, Gordic-Polabiny"]
[Site ""]
[Date "2019.04.07"]
[Round "11.1"]
[White "Haba, Petr"]
[Black "Jirasek, Pavel"]
[Result "1-0"]
[WhiteElo "2445"]
[BlackElo "2270"]
[PlyCount "0"]
[WhiteTeam "SK Gordic"]
[BlackTeam "2222 SK Polabiny "C""]
[EventDate "2018.10.21"]

1. e4 c5 2. Nf3 Nc6 3. d4 cxd4 4. Nxd4 e5 5. Nb5 d6 6.
c4 Be7 7. N1c3 a6 8. Na3 Nf6 9. Bd3 O-O 10. O-O Be6 11. Nd5 Rc8 12. Be3 Nd7 13.
Nxe7+ Qxe7 14. Rc1 Nc5 15. Bb1 Rcd8 16. Qd2 Bc8 17. Rfd1 Qh4 18. Bg5 Qh5 19.
Bxd8 Rxd8 20. Rc3 Nd4 21. f3 Qg6 22. Kh1 h5 23. Qf2 Qg5 24. Nc2 Na4 25. Nxd4
Nxc3 26. bxc3 exd4 27. cxd4 h4 28. h3 b5 29. cxb5 axb5 30. Bd3 Bd7 31. f4 Qf6
32. e5 dxe5 33. dxe5 Qe7 34. Qa7 Kf8 35. Bxb5 Bxb5 36. Rxd8+ Qxd8 37. Qc5+ Kg8
38. Qxb5 Qd1+ 39. Kh2 Qe1 40. Qd3 Qf2 41. Qd8+ Kh7 42. Qg5 Qxa2 43. Qxh4+ Kg8
44. Qd8+ Kh7 45. Qd3+ Kg8 46. Kg3 Qa1 47. Qe4 Qb2 48. Kg4 Qd2 49. h4 Qd1+ 50.
Kg3 Qd2 51. h5 Qd1 52. Kh4 Qd8+ 53. Kh3 Qd1 54. g4 Qf1+ 55. Kh4 Qf2+ 56. Kg5
Qd2 57. Qa8+ Kh7 58. Qe4+ Kg8 59. e6 Kf8 60. h6 gxh6+ 61. Kf6 Qb2+ 62. Qe5 Qb6
63. f5 Kg8 64. Qd5 Qb2+ 65. Ke7 Qb4+ 66. Qd6 Qb7+ 67. Qd7 Qb4+ 68. Qd6 Qb7+ 69.
Qd7 Qb4+ 70. Kd8 Qb8+ 71. Qc8 Qd6+ 72. Ke8 Kg7 73. Qc3+ Kh7 74. Kxf7 1-0

[Event "1. liga V 18/19, Gordic-Polabiny"]
[Site ""]
[Date "2019.04.07"]
[Round "11.2"]
[White "Ludvik, Tomas"]
[Black "Holtman, Teodor"]
[Result "1/2-1/2"]
[WhiteElo "2172"]
[BlackElo "2282"]
[PlyCount "0"]
[WhiteTeam "2222 SK Polabiny "C""]
[BlackTeam "SK Gordic"]
[EventDate "2018.10.21"]

1. d4 f5 2. Bg5 d5 3. e3 c6 4. c4 Qa5+ 5. Nc3 e6 6. a3
Nd7 7. Bd3 Ngf6 8. cxd5 Nxd5 9. Nge2 Bd6 10. b4 Qb6 11. Nxd5 cxd5 12. Nf4 Bxf4
13. Bxf4 Nf6 14. Rc1 a6 15. Bc7 Qa7 16. O-O Bd7 17. a4 O-O 18. f3 Rac8 19. Qb3
b5 20. Bd6 bxa4 21. Qa2 Rfd8 22. Bc5 Qa8 23. Qe2 Bb5 24. Bxb5 axb5 25. Qxb5 Rb8
26. Qa5 Qxa5 27. bxa5 Nd7 28. Ra1 Nxc5 29. dxc5 Rb5 30. Rxa4 Rxc5 31. a6 Rc7
32. Rb1 Kf7 33. f4 Ke7 34. Rb6 Ra8 35. Kf1 Kd7 36. Ke1 Rc6 37. Rb7+ Rc7 38.
Rxc7+ Kxc7 39. Kd2 Kb6 40. Kc3 Rxa6 41. Rxa6+ Kxa6 42. Kd4 Kb5 43. Ke5 Kc4 44.
Kxe6 Kd3 45. Kxd5 Kxe3 46. Ke5 g6 47. h3 Kf2 1/2-1/2

[Event "1. liga V 18/19, Gordic-Polabiny"]
[Site ""]
[Date "2019.04.07"]
[Round "11.3"]
[White "Kratochvil, Josef"]
[Black "Cerny, David"]
[Result "1-0"]
[WhiteElo "2284"]
[BlackElo "2098"]
[PlyCount "0"]
[WhiteTeam "SK Gordic"]
[BlackTeam "2222 SK Polabiny "C""]
[EventDate "2018.10.21"]

1. e4 c5 2. Nf3 d6 3. d4 cxd4 4. Nxd4 Nf6 5. Nc3 Nc6 6.
Bc4 Qb6 7. Nde2 e6 8. Bb3 a6 9. O-O Be7 10. Bg5 Qc7 11. f4 b5 12. Ng3 b4 13.
Nce2 O-O 14. f5 exf5 15. exf5 Ng4 16. Qd2 Qa7+ 17. Kh1 Nf2+ 18. Rxf2 Qxf2 19.
Bd5 Bxg5 20. Qxg5 h6 21. Qh4 Qc5 22. Nf4 Qxc2 23. f6 Qxb2 24. Rf1 Bd7 25. fxg7
Qxg7 26. Nfh5 Qg5 27. Nf6+ Kg7 28. Qxg5+ hxg5 29. Nxd7 1-0

[Event "1. liga V 18/19, Gordic-Polabiny"]
[Site ""]
[Date "2019.04.07"]
[Round "11.4"]
[White "Gloser, David"]
[Black "Piza, Vlastimil"]
[Result "1/2-1/2"]
[WhiteElo "2186"]
[BlackElo "2240"]
[PlyCount "0"]
[WhiteTeam "2222 SK Polabiny "C""]
[BlackTeam "SK Gordic"]
[EventDate "2018.10.21"]

1. e4 c5 2. Nf3 d6 3. Nc3 a6 4. g3 Nc6 5. Bg2 g6 6. O-O
Bg7 7. d3 e6 8. Ne2 Nge7 9. c3 d5 10. h3 O-O 11. exd5 Nxd5 12. d4 cxd4 13.
Nexd4 Nxd4 14. Nxd4 Qb6 15. Nb3 Rd8 16. Qe2 Bd7 17. c4 Nb4 18. Be3 Qc7 19. a3
Nc6 20. Rac1 Be8 21. Rfd1 Rxd1+ 22. Rxd1 Ne5 23. Bf4 Ba4 24. Re1 Bxb3 25. Bxe5
Bxe5 26. Qxe5 Qxe5 27. Rxe5 Bxc4 28. Rc5 Bb5 1/2-1/2

[Event "1. liga V 18/19, Gordic-Polabiny"]
[Site ""]
[Date "2019.04.07"]
[Round "11.5"]
[White "Seidl, Stepan"]
[Black "Mojzis, Jaroslav"]
[Result "1-0"]
[WhiteElo "2160"]
[BlackElo "2103"]
[PlyCount "0"]
[WhiteTeam "SK Gordic"]
[BlackTeam "2222 SK Polabiny "C""]
[EventDate "2018.10.21"]

1. e4 e5 2. Nf3 Nc6 3. Bc4 Nf6 4. d3 Be7 5. a3 d6 6. h3
O-O 7. Nbd2 Na5 8. Ba2 c5 9. c3 Nc6 10. b4 Qc7 11. Nf1 Be6 12. Ne3 Bxa2 13.
Rxa2 cxb4 14. axb4 Nd8 15. Qb3 Ne6 16. O-O Nf4 17. c4 g6 18. Nd5 N4xd5 19. exd5
Kg7 20. Be3 a6 21. Rc1 Nd7 22. c5 dxc5 23. bxc5 Nxc5 24. Qc3 Rac8 25. Nxe5 f6
26. Ng4 Rfd8 27. d4 h5 28. Nh2 Bd6 29. dxc5 Bxh2+ 30. Kh1 Rxd5 31. g3 Bxg3 32.
fxg3 Qd7 33. Kh2 Rd3 34. Rd2 Rxd2+ 35. Qxd2 Qxd2+ 36. Bxd2 Kf7 37. Kg2 Ke6 38.
Kf3 Kd5 39. Be3 a5 40. Rb1 Ra8 41. Rxb7 a4 42. Rd7+ Kc4 43. c6 a3 44. c7 1-0

[Event "1. liga V 18/19, Gordic-Polabiny"]
[Site ""]
[Date "2019.04.07"]
[Round "11.7"]
[White "Zigo, Viktor"]
[Black "Mojzis, Martin"]
[Result "1/2-1/2"]
[WhiteElo "2272"]
[BlackElo "1995"]
[PlyCount "0"]
[WhiteTeam "SK Gordic"]
[BlackTeam "2222 SK Polabiny "C""]
[EventDate "2018.10.21"]

1. e4 e5 2. f4 d5 3. exd5 e4 4. d3 exd3 5. Bxd3 Nf6 6.
c4 Nbd7 7. Nc3 Be7 8. Nf3 O-O 9. O-O Re8 10. h3 Bd6 11. Bc2 Nf8 12. Ne5 Bc5+
13. Kh1 Ng6 14. Nxg6 hxg6 15. Qf3 Nh5 16. Bd2 Qh4 17. Be1 Qe7 18. Bf2 Bxf2 19.
Qxf2 Bd7 20. a3 Qe3 21. Qxe3 Rxe3 22. Rfe1 Rae8 23. Rxe3 Rxe3 24. Kg1 Nxf4 25.
Kf2 Re5 26. Kf3 g5 27. Rd1 Kf8 28. Rd2 a6 1/2-1/2

[Event "1. liga V 18/19, Gordic-Polabiny"]
[Site ""]
[Date "2019.04.07"]
[Round "11.8"]
[White "Brozka, Karel"]
[Black "Walek, Petr"]
[Result "1/2-1/2"]
[WhiteElo "1863"]
[BlackElo "2221"]
[PlyCount "0"]
[WhiteTeam "2222 SK Polabiny "C""]
[BlackTeam "SK Gordic"]
[EventDate "2018.10.21"]

1. d4 Nf6 2. Nf3 g6 3. Bf4 Bg7 4. e3 O-O 5. Bd3 d5 6.
h3 c5 7. c3 Qb6 8. Qb3 c4 9. Qxb6 axb6 10. Bxb8 Rxb8 11. Bc2 Bd7 12. Nbd2 Bc6
13. Ne5 Ne8 14. f4 f6 15. Nef3 Nd6 16. O-O Rfe8 17. Rae1 Ra8 18. a3 e5 19. g3
Re7 20. Rf2 Rae8 21. Rff1 Bd7 22. Kg2 Bf5 23. Bxf5 Nxf5 24. g4 Nd6 25. Kg3 h5
26. Rg1 hxg4 27. hxg4 b5 28. Rgf1 Nf7 29. Rh1 Bh6 30. Rhg1 Kg7 31. Rgf1 exf4+
32. exf4 Rxe1 33. Rxe1 Rxe1 34. Nxe1 Nd8 35. Nf1 Ne6 36. Ng2 Kf7 37. Nfe3 Nc7
38. Kf3 Bf8 39. Nh4 Bd6 40. Nhg2 Ke7 41. Nh4 Kf7 42. Nhg2 Ke7 1/2-1/2

[Event "1. liga V 18/19, RnK-Orlova"]
[Site ""]
[Date "2019.04.07"]
[Round "11.1"]
[White "Sabuk, Piotr"]
[Black "Mrazek, Lumir"]
[Result "1-0"]
[WhiteElo "2391"]
[BlackElo "2376"]
[PlyCount "0"]
[WhiteTeam "Panda Rychnov n. K."]
[BlackTeam "SK Slavia Orlova"]
[EventDate "2018.10.21"]

1. d4 Nf6 2. c4 g6 3. Nc3 d5 4. Nf3 Bg7 5. e3 O-O 6. Qb3 e6 7. Be2 b6 8. cxd5
exd5 9. O-O Be6 10. Rd1 Ne4 11. Bd2 c5 12. Be1 c4 13. Qa3 Nxc3 14. Bxc3 Re8 15.
b3 b5 16. bxc4 bxc4 17. Rab1 Bf8 18. Qb2 Bf5 19. Qb7 Bxb1 20. Qxa8 Bxa2 21. Ra1
Bb3 22. Rxa7 Re7 23. Ra5 Qb6 24. Qxd5 Rd7 25. Qb5 Rb7 26. Qxb6 Rxb6 27. Nd2 Bb4
28. Bxb4 Rxb4 29. Rc5 Nd7 30. Rc8+ Kg7 31. Nxc4 Ba4 32. f3 Nf6 33. e4 Rb1+ 34.
Kf2 Nh5 35. g3 Rh1 36. Kg2 Re1 37. Bf1 Bb5 38. Kf2 Rc1 39. Rc5 Rb1 40. Be2 1-0

[Event "1. liga V 18/19, RnK-Orlova"]
[Site ""]
[Date "2019.04.07"]
[Round "11.2"]
[White "Nedela, Vlastimil"]
[Black "Kozusek, Daniel"]
[Result "1-0"]
[WhiteElo "2323"]
[BlackElo "2350"]
[PlyCount "0"]
[WhiteTeam "SK Slavia Orlova"]
[BlackTeam "Panda Rychnov n. K."]
[EventDate "2018.10.21"]

1. Nf3 d5 2. g3 e6 3. Bg2 Nf6 4. O-O c5 5. d3 Nc6 6. Nbd2 Be7 7. e4 O-O 8. c3
Qc7 9. Re1 Rd8 10. e5 Nd7 11. Qe2 b5 12. h4 a5 13. Nf1 h6 14. g4 Ba6 15. Ng3
Rdb8 16. g5 hxg5 17. Bxg5 Bxg5 18. Nxg5 Ncxe5 19. Qh5 Nf6 20. Nxe6 fxe6 21.
Qxe5 Qxe5 22. Rxe5 Bc8 23. Bh3 Ra6 24. Rae1 Kf7 25. f4 c4 26. d4 b4 27. R1e2 a4
28. f5 exf5 29. Re7+ Kf8 30. Rc7 a3 31. cxb4 Ne8 32. Rc5 Rg6 33. Kh2 Nd6 34.
bxa3 Ra8 35. Nh5 Rh6 36. Nf4 Rxa3 37. h5 Ba6 38. Rxd5 Rf3 39. Ng6+ Rxg6 40.
hxg6 c3 41. Re1 1-0

[Event "1. liga V 18/19, RnK-Orlova"]
[Site ""]
[Date "2019.04.07"]
[Round "11.3"]
[White "Fiedorek, Michal"]
[Black "Olsarova, Karolina"]
[Result "1-0"]
[WhiteElo "2049"]
[BlackElo "2268"]
[PlyCount "0"]
[WhiteTeam "Panda Rychnov n. K."]
[BlackTeam "SK Slavia Orlova"]
[EventDate "2018.10.21"]

1. e4 e5 2. Nf3 Nc6 3. Bb5 a6 4. Ba4 Nf6 5. O-O Nxe4 6. d4 b5 7. Bb3 d5 8. dxe5
Be6 9. Qe2 Bc5 10. Be3 Qe7 11. Rd1 Rd8 12. Nbd2 Bxe3 13. Qxe3 Nc5 14. c3 O-O
15. Nd4 Nb8 16. Bc2 Rfe8 17. f4 Bg4 18. Re1 f6 19. Qg3 Bc8 20. e6 Qf8 21. Qh3
g6 22. b4 Nb7 23. f5 g5 24. N2f3 Re7 25. Rf1 Rg7 26. Ne5 Nd6 27. Ng4 Qe7 28.
Rae1 Rf8 29. Kh1 Bb7 30. Nf3 Nc6 31. Rd1 a5 32. a3 axb4 33. axb4 Nb8 34. Nfe5
fxe5 35. f6 Qd8 36. fxg7 1-0

[Event "1. liga V 18/19, RnK-Orlova"]
[Site ""]
[Date "2019.04.07"]
[Round "11.4"]
[White "Tomaszewski, Kacper"]
[Black "Machlowski, Slawomir"]
[Result "1-0"]
[WhiteElo "2332"]
[BlackElo "2109"]
[PlyCount "0"]
[WhiteTeam "SK Slavia Orlova"]
[BlackTeam "Panda Rychnov n. K."]
[EventDate "2018.10.21"]

1. d4 c5 2. d5 e6 3. e4 exd5 4. exd5 d6 5. Nc3 a6 6. a4 Ne7 7. Nf3 Ng6 8. Be2
Bg4 9. O-O Bxf3 10. Bxf3 Be7 11. Bd2 O-O 12. a5 Nd7 13. Na4 f5 14. g3 Nde5 15.
Bg2 f4 16. Nb6 Rb8 17. Ra3 Qc7 18. h4 fxg3 19. fxg3 Rxf1+ 20. Qxf1 Bf6 21. Bh3
Re8 22. Re3 Re7 23. Kh1 Nf7 24. c3 Rxe3 25. Bxe3 Nfe5 26. Qf5 Nf8 27. Qc8 Qe7
28. Be6+ Kh8 29. Bf4 g6 30. Qb8 Kg7 31. Nc8 Nc6 32. Qa8 Qd8 33. Qxb7+ Ne7 34.
Nxe7 Bxe7 35. Bg5 Nxe6 36. Bxe7 Qc7 37. Qxc7 Nxc7 38. Bxd6 Nxd5 39. Bxc5 Kf6
40. Kg2 h5 41. Kf3 Kf5 42. Bd4 Ne7 43. c4 g5 44. hxg5 Kxg5 45. b4 Nf5 46. Bc5
h4 47. g4 1-0

[Event "1. liga V 18/19, RnK-Orlova"]
[Site ""]
[Date "2019.04.07"]
[Round "11.5"]
[White "Novotny, Josef"]
[Black "Zabystrzan, Pavel"]
[Result "0-1"]
[WhiteElo "2006"]
[BlackElo "2238"]
[PlyCount "0"]
[WhiteTeam "Panda Rychnov n. K."]
[BlackTeam "SK Slavia Orlova"]
[EventDate "2018.10.21"]

1. e3 g6 2. d3 Bg7 3. g3 c5 4. Bg2 Nc6 5. c3 Nf6 6. Na3 d5 7. Qe2 O-O 8. Nf3 e5
9. e4 d4 10. c4 Ne8 11. h4 Bg4 12. Bh3 Bxh3 13. Rxh3 Qd7 14. Rh1 h5 15. Bd2 Qg4
16. Nh2 Qxe2+ 17. Kxe2 f5 18. f3 Kh7 19. Bg5 Bh6 20. g4 hxg4 21. fxg4 fxe4 22.
dxe4 Bxg5 23. hxg5 Nd6 24. Nf3+ Kg7 25. Nd2 Rf4 26. Rh4 Nxe4 27. Nxe4 Rxe4+ 28.
Kd2 Rh8 29. Rah1 Rxh4 30. Rxh4 a6 31. Nc2 Rf4 32. a3 e4 33. b4 Ne5 34. bxc5
Nf3+ 0-1

[Event "1. liga V 18/19, RnK-Orlova"]
[Site ""]
[Date "2019.04.07"]
[Round "11.6"]
[White "Sramek, Vojtech"]
[Black "Pavlicek, Miroslav"]
[Result "1-0"]
[WhiteElo "2216"]
[BlackElo "1935"]
[PlyCount "0"]
[WhiteTeam "SK Slavia Orlova"]
[BlackTeam "Panda Rychnov n. K."]
[EventDate "2018.10.21"]

1. e4 e6 2. d4 d5 3. exd5 exd5 4. Nf3 Bg4 5. Bd3 c5 6. O-O Nf6 7. Re1+ Be7 8.
dxc5 O-O 9. b4 a5 10. c3 axb4 11. cxb4 Nc6 12. Bd2 Nd4 13. Bc3 Nxf3+ 14. gxf3
Bh3 15. Nd2 d4 16. Bb2 Nd5 17. Bf1 Bxf1 18. Nxf1 Nxb4 19. Bxd4 Bf6 20. Bxf6
Qxf6 21. Qb3 Nc6 22. Kg2 Qg5+ 23. Ng3 h5 24. Qe3 Qg6 25. Qe4 Qg5 26. Qf5 Qxf5
27. Nxf5 Nb4 28. Re7 Rfc8 29. Rxb7 Rxc5 30. Nh6+ Kh7 31. Nxf7 Nc2 32. Rd1 Rxa2
33. Kg3 Ra3 34. h4 Rf5 35. Ng5+ Kg6 36. Rdd7 Rxg5+ 37. hxg5 Kxg5 38. Rxg7+ Kh6
39. Rgd7 Ra6 40. Rh7+ Kg6 41. Rbg7+ Kf6 42. Rc7 1-0

[Event "1. liga V 18/19, RnK-Orlova"]
[Site ""]
[Date "2019.04.07"]
[Round "11.7"]
[White "Zikmund, Jaroslav"]
[Black "Sieber, Martin"]
[Result "0-1"]
[WhiteElo "1812"]
[BlackElo "2078"]
[PlyCount "0"]
[WhiteTeam "Panda Rychnov n. K."]
[BlackTeam "SK Slavia Orlova"]
[EventDate "2018.10.21"]

1. d4 d5 2. c4 e5 3. e3 Bb4+ 4. Bd2 Bxd2+ 5. Qxd2 exd4 6. Qxd4 Nf6 7. cxd5 Qxd5
8. Nf3 Qxd4 9. Nxd4 Bd7 10. Nc3 a6 11. Be2 c5 12. Nb3 b6 13. Bf3 Nc6 14. Nd5
Nxd5 15. Bxd5 Rd8 16. Bxc6 Bxc6 17. f3 Ke7 18. Rd1 Rxd1+ 19. Kxd1 Rd8+ 20. Kc1
Ke6 21. Nd2 f5 22. Rd1 g5 23. Nc4 Rxd1+ 24. Kxd1 b5 25. Nd2 Ke5 26. g3 f4 27.
Ke2 c4 28. a3 a5 29. a4 fxg3 30. hxg3 Kd5 31. axb5 Bxb5 32. Kd1 h5 33. Ne4 h4
34. Nxg5 hxg3 35. Nh3 Kc5 36. f4 Bd7 37. Ng1 Bg4+ 38. Kc2 Kd5 39. Kc3 Ke4 40.
Kxc4 Kxe3 41. Kb5 Kf2 42. Kxa5 Kxg1 43. b4 g2 0-1